Представление документа в формате MARC21

ПолеНазваниеЗначение
  Тип записи a
  Библиографический уровень m
001 Контрольный номер RU\infra-m\znanium\bibl\2225906
005 Дата корректировки 20260429142111.6
008 Кодируемые данные 250910s2025 RU g rus u
020 Индекс ISBN __
a ISBN 978-5-9729-2462-2
040 Источник каталогиз. __
a Служба первич. каталог. Общество с ограниченной ответственностью «ЗНАНИУМ»
041 Код языка издания __
a Код языка текста rus
044 Код страны публикации __
a Код страны публикации RU
080 Индекс УДК __
a Индекс УДК 676
084 Индекс другой классификации/Индекс ББК __
2 Источник индекса rubbk
a Индекс другой классификации/Индекс ББК 371
084 Индекс другой классификации/Индекс ББК __
2 Источник индекса okso
a Индекс другой классификации/Индекс ББК 18.03.01
084 Индекс другой классификации/Индекс ББК __
2 Источник индекса okso
a Индекс другой классификации/Индекс ББК 18.03.02
100 Автор __
a Автор Ковалева О.П.
q Полное имя Ковалева Ольга Петровна
u Дополнение Санкт-Петербургский государственный технологический институт (технический университет)
245 Заглавие __
a Заглавие Технология переработки макулатуры
b Продолж. заглавия Учебное пособие
c Ответственность Санкт-Петербургский государственный технологический институт (технический университет)
250 Сведения об издании __
a Основные сведения об издании 1
260 Выходные данные __
a Место издания Вологда
b Издательство Инфра-Инженерия
c Дата издания 2025
300 Физическое описание __
a Объем 168 с.
520 Аннотация __
a Аннотация Представлены основные вопросы современной технологии переработки макулатуры. Приведены технологические схемы получения макулатурной массы для производства различных видов бумаги и картона виды применяемого оборудования а так-же системы водопользования бумажной фабрики и утилизации отходов переработки макулатуры. Для обучающихся по направлениям подготовки 18.03.01 «Химическая технология» профиль «Технология химической переработки древесины» и 18.03.02 «Энерго-и ресурсосберегающие процессы в химической технологии нефтехимии и биотехнологии» профиль «Энерго- и ресурсосберегающие процессы в химической технологии переработки древесины» очной и заочной форм обучения а также для работников предприятий по переработке макулатуры.
521 Примеч. о цел. назн. __
a Примеч. о целев. назн. ВО - Бакалавриат
650 Тематические рубрики __
a Основная рубрика Промышленность. Энергетика
x Основная подрубрика Целлюлозно-бумажная промышленность
655 Указ. предметных рубрик (устаревшее) __
a Жанр/ форма (устаревшее) Учебное пособие
856 Электронный адрес документа 4_
a Имя сервера/домена znanium.ru
m Помощь ebs_support@infra-m.ru
n Местонахождение сервера НИЦ ИНФРА-М
u URL https://znanium.ru/catalog/document?id=469522
856 Электронный адрес документа 48
a Имя сервера/домена znanium.ru
d Путь /cover/2225
f Электронное имя 2225906.jpg
q Тип электронного формата image/jpeg
u URL https://znanium.ru/cover/2225/2225906.jpg
911 __
u 0030=https://znanium.ru/catalog/document?id=469522